[Event "Cutro op-B 08th"]
[Site "Cutro"]
[Date "2002.04.29"]
[Round "6"]
[White "Solenghi, Giuseppe"]
[Black "Procopio, Giuseppe"]
[Result "0-1"]
[WhiteElo "1624"]
[BlackElo "1432"]
[PlyCount "70"]
[EventDate "2002.04.24"]
[EventType "swiss"]
[EventRounds "9"]
[EventCountry "ITA"]
[SourceTitle "EXT 2024"]
[Source "ChessBase"]
[SourceDate "2023.10.10"]
[SourceVersion "1"]
[SourceVersionDate "2023.10.10"]
[SourceQuality "1"]

1. e4 e5 2. d4 exd4 3. c3 dxc3 4. Bc4 d6 5. Nxc3 Nf6 6. Nf3 h6 7. 0-0 Be7 8. Re1 0-0 9. e5 dxe5 10. Nxe5 Qxd1 11. Rxd1 Bd6 12. Bf4 Nh5 13. Nxf7 Bxf4 14. Ng5+ Kh8 15. Nf7+ Kh7 16. Ne2 Nc6 17. Rd5 Rxf7 18. Rxh5 Rf6 19. Nxf4 Rxf4 20. Rd5 Be6 21. Bd3+ Kh8 22. Rc5 Raf8 23. f3 Bf5 24. Bc4 Bg6 25. a3 R8f6 26. Bd5 Bf7 27. Be4 Rd6 28. Kf2 Rff6 29. Ke3 Bg6 30. Bd5 Rf5 31. Rd1 Rh5 32. b4 a5 33. Rd2 Re5+ 34. Kf2 Bf7 35. f4 Rexd5 0-1